Photojournalism: (Record no. 191896)

MARC details
000 -LEADER
fixed length control field 00573nam a22001817a 4500
005 - DATE AND TIME OF LATEST TRANSACTION
control field 20220906165519.0
010 ## - LCCN (DPL NO)
LC control number ENG-134943
020 ## - INTERNATIONAL STANDARD BOOK NUMBER
International Standard Book Number 9788180482519
Terms of availability 350.00
035 ## - SYSTEM CONTROL NUMBER
System control number EN-118475
037 ## - SOURCE OF ACQUISITION
Source of stock number/acquisition DBAD/PUB
082 ## - DEWEY DECIMAL CLASSIFICATION NUMBER
Classification number 070.49
100 ## - MAIN ENTRY--PERSONAL NAME
Personal name Trikha, Poorva
245 ## - TITLE STATEMENT
Title Photojournalism:
Remainder of title A Tool For Social Change/
Statement of responsibility, etc By Poorva Trikha
260 ## - PUBLICATION, DISTRIBUTION, ETC. (IMPRINT)
Place of publication, distribution, etc Chandigarh
Name of publisher, distributor, etc Arun Publishing House Pvt Ltd
Date of publication, distribution, etc 2014
270 ## - ADDRESS
Address SCO 49-51, Sector 17 C
City Chandigarh
Postal code 160017
Electronic mail address arunpublishing@gmail.com
300 ## - PHYSICAL DESCRIPTION
Extent 104p.
Dimensions 22cm(hb)
942 ## - ADDED ENTRY ELEMENTS (KOHA)
Source of classification or shelving scheme Dewey Decimal Classification
Item type English Books
Classification part 070.49
Call number suffix TRI
Holdings
Withdrawn status Lost status Not for loan Collection code Home library Current library Date acquired Source of acquisition Cost, normal purchase price Full call number Barcode Copy number Cost, replacement price Koha item type
      Non-fiction Ashok Vihar Ashok Vihar 06/09/2022 DBAD/PUB 350.00 070.49 TRI EN-118475 1 350.00 English Books

© Delhi Public Library
Hit Counter
free hit counter